00237nam a22000977a 4500003000400000005001700004008004100021040000800062082001800070245005100088OSt20250708114559.0250708b |||||||| |||| 00| 0 eng d cDLC a305.4096bREV aAfrican Women Liberation, A Man's Perspective